Waste and Resources Action Programme (Record no. 120228)

MARC details
000 -LEADER
fixed length control field 00786cam a2200205 4500
001 - CONTROL NUMBER
control field WS121374
008 - FIXED-LENGTH DATA ELEMENTS--GENERAL INFORMATION
fixed length control field 030218n 000 0 eng u
035 ## - SYSTEM CONTROL NUMBER
System control number (Sirsi) u121374
110 ## - MAIN ENTRY--CORPORATE NAME
Corporate name or jurisdiction name as entry element Waste and Resources Action Programme
9 (RLIN) 4405
245 ## - TITLE STATEMENT
Title Waste and Resources Action Programme
520 ## - SUMMARY, ETC.
Summary, etc. Web site for this organisation whose aim it to 'create stable and efficient markets for recycled materials and products'. Includes pages on how to buy, collect and sell recycled materials and details of sources of finance available.
650 ## - SUBJECT ADDED ENTRY--TOPICAL TERM
Topical term or geographic name entry element GLASS
650 ## - SUBJECT ADDED ENTRY--TOPICAL TERM
Topical term or geographic name entry element WOOD
650 ## - SUBJECT ADDED ENTRY--TOPICAL TERM
Topical term or geographic name entry element PLASTIC
650 ## - SUBJECT ADDED ENTRY--TOPICAL TERM
Topical term or geographic name entry element PAPER
650 ## - SUBJECT ADDED ENTRY--TOPICAL TERM
Topical term or geographic name entry element WASTE STRATEGY
690 ## - LOCAL SUBJECT ADDED ENTRY--TOPICAL TERM (OCLC, RLIN)
Topical term or geographic name as entry element WASTE MANAGEMENT
856 40 - ELECTRONIC LOCATION AND ACCESS
Uniform Resource Identifier <a href="https://www.wrap.org.uk">https://www.wrap.org.uk</a>
Public note View the website free of charge at www.wrap.org.uk...
942 ## - ADDED ENTRY ELEMENTS (KOHA)
Suppress in OPAC 0
Holdings
Withdrawn status Lost status Source of classification or shelving scheme Damaged status Not for loan Home library Current library Shelving location Date acquired Total Checkouts Full call number Barcode Date last seen Copy number Price effective from Koha item type
    Dewey Decimal Classification     Virtual Virtual Online 18/02/2003   WEB SITE 121374-2001 06/08/2019 1 06/08/2019 Online material